Las empresas frente al desafío de demostrar su responsabilidad social (Registro nro. 16884)

Detalles MARC
000 -LEADER
fixed length control field 00412 a2200121 4500
001 - CONTROL NUMBER
control field ART_7520
005 - DATE AND TIME OF LATEST TRANSACTION
control field 20260410161720.0
008 - FIXED-LENGTH DATA ELEMENTS--GENERAL INFORMATION
fixed length control field 260409a
100 1# - MAIN ENTRY--PERSONAL NAME
Personal name Scavone, Graciela María
245 10 - TITLE STATEMENT
Title Las empresas frente al desafío de demostrar su responsabilidad social
700 1# - ADDED ENTRY--PERSONAL NAME
Personal name D´Onofrio, Paula Alejandra
773 0# - HOST ITEM ENTRY
Title Contabilidad y auditoría
Related parts - Año 11, Nº 21 (jun. 2005)
Record control number REV1723

No hay ítems disponibles.